International relations dictionary / (Record no. 122795)

MARC details
000 -LEADER
fixed length control field 00790nam a22002657a 4500
005 - DATE AND TIME OF LATEST TRANSACTION
control field 20170124105915.0
010 ## - LIBRARY OF CONGRESS CONTROL NUMBER
LC control number A-505978
020 ## - INTERNATIONAL STANDARD BOOK NUMBER
Terms of availability 00.00
International Standard Book Number 058203096
035 ## - SYSTEM CONTROL NUMBER
System control number A-505978
037 ## - SOURCE OF ACQUISITION
Source of stock number/acquisition Cen Lib/Ret
040 ## - CATALOGING SOURCE
Original cataloging agency DPL
Language of cataloging EN
082 ## - DEWEY DECIMAL CLASSIFICATION NUMBER
Classification number 327.03
Item number PLA
100 ## - MAIN ENTRY--PERSONAL NAME
Personal name Plano, Jack C.
9 (RLIN) 106555
245 ## - TITLE STATEMENT
Title International relations dictionary /
Statement of responsibility, etc by Jack C. Plano [and] Roy Olton
246 ## - VARYING FORM OF TITLE
Remainder of title
250 ## - EDITION STATEMENT
Edition statement 4th ed.
260 ## - PUBLICATION, DISTRIBUTION, ETC. (IMPRINT)
Name of publisher, distributor, etc ABC-Clio
Date of publication, distribution, etc 1998
Place of publication, distribution, etc California
270 ## - ADDRESS
City California
Address Riviera Campus, 2040 Alameda
300 ## - PHYSICAL DESCRIPTION
Extent xxiii, 446p.
Dimensions 23cm(Hb)
500 ## - GENERAL NOTE
General note Includes index
650 ## - SUBJECT ADDED ENTRY--TOPICAL TERM
Topical term or geographic name as entry element International relations
Form subdivision dictionary
9 (RLIN) 106556
650 ## - SUBJECT ADDED ENTRY--TOPICAL TERM
Topical term or geographic name as entry element International relations
9 (RLIN) 106557
700 ## - ADDED ENTRY--PERSONAL NAME
Personal name Olton, Roy
9 (RLIN) 2334
942 ## - ADDED ENTRY ELEMENTS (KOHA)
Source of classification or shelving scheme Dewey Decimal Classification
Koha item type English Books
Classification part 327.03
Call number suffix PLA
Holdings
Withdrawn status Lost status Damaged status Not for loan Collection code Home library Current library Date acquired Source of acquisition Cost, normal purchase price Total Checkouts Full call number Barcode Date last seen Copy number Cost, replacement price Price effective from Koha item type
      Not For Loan Reference Central Library Central Library 30/05/2015 Cen Lib/Ret 0.00   327.03 PLA A-505978 30/05/2015 1 0.00 30/05/2015 English Books

© Delhi Public Library
Hit Counter
free hit counter